Communication on the sanitary engineering & water management

An overview of environmental technology introduces the book, and includes a discussion of public health, ecology, geology, and soils. The book then focuses on water and wastewater topics, including hydraulics and hydrology, water quality and water pollution, drinking water treatment and distribution...

Volledige beschrijving

Bewaard in:
Bibliografische gegevens
Hoofdauteur: Mishra, K. K.
Formaat: Boek
Taal:Undetermined
Gepubliceerd in: Netherlands Delft University of Technology 1987
Onderwerpen:
Tags: Voeg label toe
Geen labels, Wees de eerste die dit record labelt!
Thư viện lưu trữ: Trung tâm Học liệu Trường Đại học Cần Thơ
LEADER 01314nam a2200193Ia 4500
001 CTU_158326
008 210402s9999 xx 000 0 und d
082 |a 363.61 
082 |b M678 
100 |a Mishra, K. K. 
245 0 |a Communication on the sanitary engineering & water management 
245 0 |c K. K. Mishra, A. N. van Breemen 
260 |a Netherlands 
260 |b Delft University of Technology 
260 |c 1987 
520 |a An overview of environmental technology introduces the book, and includes a discussion of public health, ecology, geology, and soils. The book then focuses on water and wastewater topics, including hydraulics and hydrology, water quality and water pollution, drinking water treatment and distribution, sewage collection, sewage treatment and disposal, and stormwater water management. Municipal solid waste, hazardous waste, air pollution, and noise pollution are also discussed. For individuals working in the fields of environmental quality control and public health protection, as well as civil engineers, wastewater technicians, and water treatment professionals. 
650 |a Water-supply engineering,Environmental health,Sanitary engineering,Sức khỏe môi trường 
904 |i Trọng Hiếu 
980 |a Trung tâm Học liệu Trường Đại học Cần Thơ